00413nam a2200133Ia 4500008004100000020000900041040001700050041001200067082001700079100004900096245004800145260006600193300002000259230917s9999||||xx |||||||||||||| ||und|| cRS15 e186876aMAIN aEnglish a301.426 G51G aIndia, Ministry of Health and Family Welfare 0aGlobal adult tobaco survey: India 2009-2010 aMumbaibInternational Institute for Population Sciencesc2010 axxxviii, 289 p.